Представление документа в формате MARC21

Поле Инд. ПП Название Значение
Тип записи a
Библиографический уровень m
001 Контрольный номер RU/IS/BASE/465581394
005 Дата корректировки 20250304144055.7
020 a ISBN 978-5-903135-49-3
040 a Служба первич. каталог. НБ ТвГУ
b Код языка каталог. rus
e Правила каталог. PSBO
041 0_ a Код языка текста rus
080 a Индекс УДК 324(470)
080 a Индекс УДК 329(470)
084 a Индекс другой классификации/Индекс ББК Ф3(2Рос),131
090 a Полочн. индекс Ф3(2Рос)
x Авторский знак Н 69
100 1_ a Автор Нисневич Юлий Анатольевич
q Полное имя Нисневич Ю. А.
245 00 a Заглавие Электоральная коррупция в России: политико-правовой анализ федеральных избирательных кампаний в 2003-2012 годах
c Ответственность Фонд "Либерал. миссия"
260 a Место издания Москва
b Издательство Фонд "Либеральная миссия"
c Дата издания 2014
300 a Объем 203 с.
b Иллюстрации/ тип воспроизводства табл.
500 a Примечание НАСТОЯЩИЙ МАТЕРИАЛ (ИНФОРМАЦИЯ) ПРОИЗВЕДЕН, РАСПРОСТРАНЕН И (ИЛИ) НАПРАВЛЕН ИНОСТРАННЫМ АГЕНТОМ, ЯВЛЯЮЩИМСЯ УЧРЕДИТЕЛЕМ (ЧЛЕНОМ, УЧАСТНИКОМ, РУКОВОДИТЕЛЕМ ИЛИ ЛИЦОМ, ВХОДЯЩИМ В СОСТАВ ОРГАНА ЛИЦ УКАЗАНЫХ В ЧАСТИ 4 СТАТЬИ 9 ФЕДЕРАЛЬНОГО ЗАКОНА «О КОНТРОЛЕ ЗА ДЕЯТЕЛЬНОСТЬЮ ЛИЦ, НАХОДЯЩИХСЯ ПОД ИНОСТРАННЫМ ВЛИЯНИЕМ») ВКЛЮЧЕННОГО В РЕЕСТР ИНОСТРАННЫХ АГЕНТОВ
504 a Библиография Библиогр.: с. 196-202 и в подстроч. примеч. - Др. произведения авт. на 203-й с.
520 0_ a Аннотация В книге рассматривается проблема становления и развития электоральной коррупции в России. Проведен политико-правовой анализ трех избирательных циклов парламентских и президентских выборов в период президентских полномочий В. Путина и Д. Медведева в 2003-2012 годах. Электоральная коррупция, суть институционального механизма которой заключается в злоупотреблении административным ресурсом публичной власти в ходе избирательного процесса, стала основой использования системы публичной власти всех уровней в качестве "избирательной машины" партии "Единая Россия" и кандидатов на должность президента России от правящей номенклатуры. Использование такой "избирательной машины" привело к полному подавлению политической конкуренции и превращению парламентских и президентских выборов в административно управляемые мероприятия по плебисцитарной легитимации правящего политического режима.
8 Книга предназначена не только для политиков, политических аналитиков и научных работников, но и для всех, кто интересуется реалиями российской политик
653 0_ a Ключевые слова 2003-2012 гг.
a Ключевые слова 21 в.
a Ключевые слова Избирательные кампании
a Ключевые слова Парламентские выборы в России
a Ключевые слова Политика
a Ключевые слова Политико-правовой анализ
a Ключевые слова Президентские выборы в России
a Ключевые слова Российская политика
a Ключевые слова Россия
a Ключевые слова Электоральная коррупция в России
901 t Тип документа m
920 a Оператор Поля
a Оператор Суха
a Оператор Густ
a Оператор Стро
a Оператор Петр
930 a Новая/Ретро новая
952 c Вид литературы К рн
954 a Дата поступления на обработку 20150318
c Дата окончания ОНО 20150319
b Дата поступления в ОК 20141002